| 000 | 00632nam a2200193 a 4500 | ||
|---|---|---|---|
| 001 | 000040149 | ||
| 005 | 20201002033940.0 | ||
| 008 | 130809s1986 sp 000 0 spa d | ||
| 020 | _a8430697691 | ||
| 040 |
_aDO-SdBNP _bspa _cBNPHU |
||
| 082 | _axxx | ||
| 100 | 1 |
_aPeccei, Aurelio _949906 |
|
| 240 | 1 | 0 |
_aBefore is too late _lespañol |
| 245 | 1 | 0 |
_aAntes de que sea demasiado tarde / _cAurelio Peccei, Daisaku Ikeda ; versión española Bernardo Moreno Carrillo. |
| 260 |
_aMadrid : _bTaurus Ediciones, _c1986. |
||
| 300 |
_a195 p. ; _c22 cm. |
||
| 700 | 1 |
_aIkeda, Daisaku _93428 |
|
| 700 | 1 |
_aMoreno Carrillo, Bernardo, _etr. _949907 |
|
| 999 |
_c39639 _d39639 |
||